000 00481nam a2200193Ia 4500
008 151121s9999||||xx |||||||||||||| ||und||
082 _a320।531/ROY
082 _bHNW-2867
100 _aRoy M। N।
245 4 _aThe Future Of Socialism
260 _bRenaissance Pub। Bombay
260 _c--
300 _a18
600 _aRoy M। N।
630 _aThe Future Of Socialism
700 _aRoy M। N।
730 _aThe Future Of Socialism
942 _cBOOK
999 _c1211671
_d1211668